| 000 | 00472cam a2200205ua 4500 | ||
|---|---|---|---|
| 001 | 8308 | ||
| 005 | 20260515114322.0 | ||
| 008 | 150128n ii |||gr||||Z||||||eng | ||
| 040 | _cMAIN | ||
| 041 | _aeng | ||
| 082 | _a370.9 | ||
| 100 |
_aRai, B. C., _eAuthor. |
||
| 245 | 1 |
_aComparative education _cBy B. C. Rai |
|
| 250 | _a1st. | ||
| 260 |
_aLucknow: _bPrakashan, _c2005. |
||
| 300 | _a409p. | ||
| 653 | _aEducation | ||
| 653 | _aComparative education | ||
| 942 | _cBK | ||
| 999 |
_c7415 _d7415 |
||